MyGZULibrary

Benefit-cost analysis : (Record no. 7018)

MARC details
000 -LEADER
fixed length control field 01306cam a22003254a 4500
001 - CONTROL NUMBER
control field 13101949
003 - CONTROL NUMBER IDENTIFIER
control field GZU
005 - DATE AND TIME OF LATEST TRANSACTION
control field 20210504115627.0
008 - FIXED-LENGTH DATA ELEMENTS--GENERAL INFORMATION
fixed length control field 030224s2003 enka b 001 0 eng
010 ## - LIBRARY OF CONGRESS CONTROL NUMBER
LC control number 2003043902
020 ## - INTERNATIONAL STANDARD BOOK NUMBER
International Standard Book Number 0521821460
020 ## - INTERNATIONAL STANDARD BOOK NUMBER
International Standard Book Number 0521528984 (pb.)
040 ## - CATALOGING SOURCE
Original cataloging agency DLC
Transcribing agency DLC
Modifying agency DLC
042 ## - AUTHENTICATION CODE
Authentication code pcc
050 00 - LIBRARY OF CONGRESS CALL NUMBER
Classification number HD47.4
Item number .CAM 2003
100 1# - MAIN ENTRY--PERSONAL NAME
Personal name Campbell, Harry F.,
Dates associated with a name 1945-
Relator term author
245 10 - TITLE STATEMENT
Title Benefit-cost analysis :
Remainder of title financial and economic appraisal using spreadsheets /
Statement of responsibility, etc. Harry F. Campbell and Richard P.C. Brown.
260 ## - PUBLICATION, DISTRIBUTION, ETC.
Place of publication, distribution, etc. Cambridge, UK ;
-- New York :
Name of publisher, distributor, etc. Cambridge University Press,
Date of publication, distribution, etc. 2003.
300 ## - PHYSICAL DESCRIPTION
Extent xiii, 345 p. :
Other physical details ill. ;
Dimensions 26 cm.
500 ## - GENERAL NOTE
General note Includes bibliographical references and index.
650 #0 - SUBJECT ADDED ENTRY--TOPICAL TERM
Topical term or geographic name entry element Cost effectiveness.
650 #0 - SUBJECT ADDED ENTRY--TOPICAL TERM
Topical term or geographic name entry element Cost effectiveness
Form subdivision Case studies.
650 #0 - SUBJECT ADDED ENTRY--TOPICAL TERM
Topical term or geographic name entry element Electronic spreadsheets.
700 1# - ADDED ENTRY--PERSONAL NAME
Personal name Brown, Richard P. C.,
Dates associated with a name 1951-
Relator term author
856 42 - ELECTRONIC LOCATION AND ACCESS
Materials specified Publisher description
Uniform Resource Identifier <a href="http://www.loc.gov/catdir/description/cam032/2003043902.html">http://www.loc.gov/catdir/description/cam032/2003043902.html</a>
856 41 - ELECTRONIC LOCATION AND ACCESS
Materials specified Table of contents
Uniform Resource Identifier <a href="http://www.loc.gov/catdir/toc/cam031/2003043902.html">http://www.loc.gov/catdir/toc/cam031/2003043902.html</a>
856 42 - ELECTRONIC LOCATION AND ACCESS
Materials specified Contributor biographical information
Uniform Resource Identifier <a href="http://www.loc.gov/catdir/enhancements/fy0731/2003043902-b.html">http://www.loc.gov/catdir/enhancements/fy0731/2003043902-b.html</a>
906 ## - LOCAL DATA ELEMENT F, LDF (RLIN)
a 7
b cbc
c orignew
d 1
e ocip
f 20
g y-gencatlg
942 ## - ADDED ENTRY ELEMENTS (KOHA)
Source of classification or shelving scheme Library of Congress Classification
Koha item type Books
Classification part 47.4
Item part CAM
Call number prefix HD
Holdings
Withdrawn status Lost status Source of classification or shelving scheme Damaged status Not for loan Collection code Home library Current library Shelving location Date acquired Source of acquisition Inventory number Total Checkouts Full call number Barcode Date last seen Copy number Price effective from Koha item type
    Library of Congress Classification     Non-fiction Mashava Campus Library Mashava Campus Library General Stacks 05/04/2021 Book Aid International 3201   HD47.4 CAM 2003 3201 05/04/2021 c. 1 05/04/2021 Books